000 00685cam a22002413a 4500
001 10378
003 PGUSA
005 20140828083223.0
008 031201s2003||||xxu|||||s|||||000 | eng d
040 _aPGUSA
_beng
042 _adc
050 4 _aB
100 1 _aMill, John Stuart,
_d1806-1873
245 1 0 _aAutobiography
_h[electronic resource] /
_cJohn Stuart Mill
260 _bProject Gutenberg,
_c2003
506 _aPublic domain in the USA.
516 _aElectronic text
653 _aMill, John Stuart, 1806-1873
653 _aPhilosophers -- England -- Biography
830 0 _aProject Gutenberg
_v10378
856 4 0 _uhttp://www.gutenberg.org/ebooks/10378
942 _cEB
999 _c239633
_d239633